Kong Family in Donkey Kong Country series - Statistics

General Stats
  • This quiz has been taken 261 times
  • The average score is 6 of 9
Answer Stats
DKC1 DKC2 DKC3 DK64 DKCR DKCTF Answer % Correct
Diddy Kong
99%
Donkey Kong
99%
Cranky Kong
81%
Funky Kong
69%
Dixie Kong
58%
Candy Kong
54%
Kiddy Kong
43%
Wrinkly Kong
32%
Swanky Kong
28%
No matching quizzes found
Score Distribution
Percent of People with Each Score
Percentile by Number Answered
Your Score History
You have not taken this quiz